000 03396cam a22012494i 4500
003 PE-LiUPU
005 20250813185412.0
008 170830s2017 xx r 000 0 eng d
020 _a1538109778
020 _a9781538109779
035 _a(Sirsi) i9781538109779
035 _a(OCoLC)1002117263
040 _aYDX
_bspa
_cYDX
_dBDX
_dPE-LiUPU
_erda
049 _aPRUA
082 0 0 _a378.101
_bK34
_223
100 1 _aKeenan, James F.,
_eautor.
245 1 0 _aUniversity ethics :
_bhow colleges can build and benefit from a culture of ethics /
_cJames F. Keenan.
264 1 _aSaint Louis :
_bROWMAN & LITTLEFIELD,
_c2017.
336 _atext
_2rdacontent
337 _aunmediated
_2rdamedia
338 _avolume
_2rdacarrier
504 _aÍndice : páginas 265-279.
505 _aThe Absence of Ethics at American Universities -- Ethics -- How the Literature on the University Is Moving Slowly but Surely toward University Ethics -- A First Case for University Ethics: The Adjunct Faculty -- The Cultural Landscape of the University without Ethics -- Cheating -- Undergraduates Acting Badly -- Gender -- Diversity and Race -- Commodification -- A Conclusion: Class, Athletics, and Other University Matters.
526 _aP202
526 _aP201
526 _aP163
526 _aP162
526 _aP161
526 _aP160
526 _aP148
526 _aP147
526 _aP146
526 _aP145
526 _aP144
526 _aP143
526 _aP142
526 _aP141
526 _aP140
526 _aP139
526 _aP138
526 _aP137
526 _aP136
526 _aP135
526 _aP134
526 _aP133
526 _aP129
526 _aP128
526 _aP127
526 _aP120
526 _aP119
526 _aP118
526 _aP116
526 _aP115
526 _aP114
526 _aP110
526 _aP109
526 _aP108
526 _aP104
526 _aP103
526 _aP102
526 _aP99
526 _aP98
526 _aP97
526 _aP96
526 _aP95
526 _aP93
526 _aP90
526 _aP89
526 _aP88
526 _aP83
526 _aP82
526 _aP62
526 _aP59
526 _aP58
526 _aP57
526 _aP51
526 _aP49
526 _aP48
526 _aP47
526 _aP29
526 _aP24
526 _aP20
526 _aP19
526 _aP17
526 _aP15
526 _aP14
526 _aP12
526 _aP10
526 _aP09
526 _aP08
526 _aP07
526 _aP06
526 _aP05
526 _aP04
526 _aP01
650 0 _aMoral -- Aspectos éticos.
650 0 _aMoral -- Ethical aspects.
650 0 _aUniversidades -- Administración.
650 0 _aUniversities -- Administration.
910 _adbm
_bebj
_cebj
_d20171212
942 _2ddc
_cBOOK
949 _a378.101 K34
_wDEWEY
_c1
_i77534
_lCATALOGING
_mBUL
_p30.97
_r0
_sY
_tBOOK
_u2017-12-12
_xPOSGRADO
_PP85
_0DONACION
_o.STAFF. Colección Teología.
994 _aC0
_bPEPRU
596 _a1
999 _a378.101 K34
_wDEWEY
_c26141
_i77534
_f2021-11-8
_g4
_lCCODEBUL1
_mBUL
_p30.97
_r0
_sY
_tBOOK
_u2017-12-12
_xEDUCACION
_PP85
_0COMPRA
_o.STAFF. Colección Teología.
_d26141
980 _81
_gALBERTO SANCHEZ Responsable de Automatización